| 000 | 01061cam a2200229 i 4500 | ||
|---|---|---|---|
| 001 | sa 67005170 | ||
| 003 | DLC | ||
| 005 | 20260227112354.0 | ||
| 008 | 850201s1967 ii 00010 pano | ||
| 010 | _asa 67005170 //r85 | ||
| 050 | 0 |
_aPK6495.N26 _bS2 1967 |
|
| 100 | 0 | 0 |
_aNanda Lāla, _d1633-1705. |
| 245 | 1 | 0 |
_aSācī prīti : _bg̲h̲azalāṃ Bhāī Nanda Lāla Jī, saṭīka ate Dasawīṃ Pātashāhī, "Gañja-Nāmā" coṃ saṭīka : shabadāratha, aratha, bhāwāratha ate wiākhiā sameta / _canuwādaka Haribhajana Siṅgha, kāwi rūpa wica anuwādaka Widhātā Siṅgha "Tīra". |
| 260 | 0 |
_aAmmritasara : _bSiṅgha Bradaraza, _c[1967] |
|
| 300 |
_a352, 40 p. ; _c18 cm. |
||
| 500 | _aAdded t.p.: Dīvān-i gūyā, va Salt̤anat-i dahum az ganjnāmah. | ||
| 500 | _a"Dīvān-i gūyā, va Salt̤anat-i dahum az ganjnāmah" : p. 1-40 (2nd group) | ||
| 500 | _aPanjabi and Persian; introductory matter and commentary in Panjabi. | ||
| 700 | 1 | 0 |
_aSingh, Haribhajan, _d1909- |
| 700 | 1 | 0 |
_aSiṅgha, Widhātā, _d1901- |
| 740 | 0 | 1 | _aDīvān-i gūyā. |
| 999 |
_c75016 _d75016 |
||